休日おでかけパスの末端駅 - Statistics

General Stats
  • This quiz has been taken 248 times
  • The average score is 14 of 21
Answer Stats
都県 駅名 % Correct
山梨県 大月
93%
神奈川県 小田原
93%
栃木県 自治医大
82%
茨城県 土浦
81%
東京都 奥多摩
80%
神奈川県 久里浜
79%
千葉県 成田
78%
神奈川県 海芝浦
77%
千葉県 君津
74%
東京都 武蔵五日市
73%
神奈川県 大川
71%
神奈川県 扇町
65%
埼玉県 神保原
65%
茨城県 下館
64%
千葉県 上総亀山
63%
栃木県 足利
61%
千葉県 茂原
61%
埼玉県 寄居
56%
神奈川県 羽沢横浜国大
49%
東京都 羽田空港第2ターミナル
40%
埼玉県 本庄早稲田
38%
No matching quizzes found
Score Distribution
Percent of People with Each Score
Percentile by Number Answered
Your Score History
You have not taken this quiz